Growing wise in family life / (Record no. 3009)
[ view plain ]
| 000 -LEADER | |
|---|---|
| fixed length control field | 01414cam a2200289 a 4500 |
| 001 - CONTROL NUMBER | |
| control field | 17954682 |
| 003 - CONTROL NUMBER IDENTIFIER | |
| control field | OCoLC |
| 005 - DATE AND TIME OF LATEST TRANSACTION | |
| control field | 20181019205642.0 |
| 008 - FIXED-LENGTH DATA ELEMENTS--GENERAL INFORMATION | |
| fixed length control field | 880419s1988 orua b 001 0 eng |
| 010 ## - LIBRARY OF CONGRESS CONTROL NUMBER | |
| LC control number | 88015315 |
| 020 ## - INTERNATIONAL STANDARD BOOK NUMBER | |
| International Standard Book Number | 0880702397 |
| 020 ## - INTERNATIONAL STANDARD BOOK NUMBER | |
| International Standard Book Number | 9780880702393 |
| 035 ## - SYSTEM CONTROL NUMBER | |
| System control number | (OCoLC)17954682 |
| 040 ## - CATALOGING SOURCE | |
| Original cataloging agency | DLC |
| Language of cataloging | eng |
| Transcribing agency | DLC |
| Modifying agency | BAKER |
| -- | BTCTA |
| -- | OTP |
| -- | SGB |
| -- | OCLCQ |
| -- | OCLCF |
| -- | CIRBC |
| 050 00 - LIBRARY OF CONGRESS CALL NUMBER | |
| Classification number | BV4526.2 |
| Item number | .S769 1988 |
| 082 00 - DEWEY DECIMAL CLASSIFICATION NUMBER | |
| Classification number | 248.4 |
| Edition number | 19 |
| Item number | S978G |
| 092 0# - LOCALLY ASSIGNED DEWEY CALL NUMBER (OCLC) | |
| Classification number | 248.4 |
| Item number | S9784b |
| 100 1# - MAIN ENTRY--PERSONAL NAME | |
| Personal name | Swindoll, Charles R. |
| 245 10 - TITLE STATEMENT | |
| Title | Growing wise in family life / |
| Statement of responsibility, etc. | Charles R. Swindoll. |
| 260 ## - PUBLICATION, DISTRIBUTION, ETC. | |
| Place of publication, distribution, etc. | Portland, Or. : |
| Name of publisher, distributor, etc. | Multnomah Press, |
| Date of publication, distribution, etc. | c1988. |
| 300 ## - PHYSICAL DESCRIPTION | |
| Extent | 304 p. : |
| Other physical details | ill. ; |
| Dimensions | 24 cm. |
| 504 ## - BIBLIOGRAPHY, ETC. NOTE | |
| Bibliography, etc. note | Includes bibliographical references (p. 295-298) and indexes. |
| 505 0# - FORMATTED CONTENTS NOTE | |
| Formatted contents note | The disintegrating family: a study in tragedy -- The strong family: some distinctive marks -- The father: masculine model of leadership -- The mother: positive partner of support -- The child: your baby has the bents! -- Discipline: shaping the will with wisdom -- Affirmation: enhancing esteem -- Change: challenging years of adolescence -- Relationships: having fun with your family -- Confronting the unpleasant -- Facing the unforeseen -- Enduring the unbearable -- Anticipating the unusual -- Accepting the undeniable. |
| 650 #0 - SUBJECT ADDED ENTRY--TOPICAL TERM | |
| Topical term or geographic name entry element | Families |
| General subdivision | Religious life. |
| 650 #0 - SUBJECT ADDED ENTRY--TOPICAL TERM | |
| Topical term or geographic name entry element | Parenting |
| General subdivision | Religious aspects |
| -- | Christianity. |
| 942 ## - ADDED ENTRY ELEMENTS (KOHA) | |
| Source of classification or shelving scheme | Dewey Decimal Classification |
| Koha item type | Books |
| Withdrawn status | Lost status | Source of classification or shelving scheme | Damaged status | Not for loan | Collection code | Home library | Current library | Shelving location | Date acquired | Cost, normal purchase price | Total Checkouts | Full call number | Barcode | Date last seen | Price effective from | Koha item type |
|---|---|---|---|---|---|---|---|---|---|---|---|---|---|---|---|---|
| Dewey Decimal Classification | Non-fiction | Harvest Mission College | Harvest Mission College | General Stacks | 19.10.2018 | 400.00 | 248.4 S978G | 001254 | 19.10.2018 | 19.10.2018 | Books |
